| 000 | 00921nam a2200289 a 4500 | ||
|---|---|---|---|
| 008 | |||
| 020 | _a0721672779 (hardback) | ||
| 040 |
_aNUST _cNUST _c(57442) |
||
| 090 |
_aRC815 _bPIN |
||
| 100 | 1 |
_aPindborg, J. J., _aauthor. |
|
| 245 | 1 | 0 |
_aAtlas of diseases of the oral mucosa/ _c J. J Pindborg. |
| 260 |
_aCopenhagen, Denmark : _bMunksgaard, _c1980. |
||
| 300 |
_a317 pages : _bcolour illustrations ; _c25 cm. |
||
| 336 |
_atext _btxt _2rdacontent |
||
| 337 |
_aunmediated _bn _2rdamedia |
||
| 338 |
_avolume _bnc _2rdacarrier |
||
| 500 | _aIncludes index. | ||
| 504 | _aIncludes bibliographical references. | ||
| 650 | 1 | _aOral manifestations of general diseases. | |
| 650 |
_aOral mucosa _xDiseases. |
||
| 650 |
_aMouth _xDiseases. |
||
| 907 |
_a.b10408277 _b20-08-21 _c20-08-21 |
||
| 003 | |||
| 005 | 20230120204315.0 | ||
| 049 | _aMAIN | ||
| 942 |
_cBOOKS _kRC815 _mPIN |
||
| 999 |
_c120862 _d120862 |
||